000 00251nam a22001217a 4500
008 181015b xxu||||| |||| 00| 0 eng d
041 _aeng
080 _a615
100 _a5
101 _aFAR
245 _aPharmacology
_cLevine.R.R
942 _2udc
_cBK
999 _c49775
_d49775